1495 1377 1101 1589 1454 1940 1965 1623 1393 1356 1126 1149 1474 1693 1013 1387 1093 1947 1525 1056 1724 1800 1252 1765 1544 1692 1976 1238 1323 1613 1811 1845 1764 1098 1327 1267 1152 1740 1489 1050 1624 1704 1584 1048 1874 1243 1662 1588 1879 1714 1842 1256 1048 1398 1500 1571 1191 1724 1217 1682 1433 1775 1012 1520 1047 1097 1215 1883 1350 1800 1730 1974 1646 1696 1469 1954 1301 1997 1089 1206 1751 1026 1657 1228 1190 1857 1399 1840 1527 1908 1913 1898 1590 1528 1410 1817 1037 1126 1753 BCNSPRNW ULIB Ver.6.0+V

เปลี่ยนเป็นภาษาไทย

Change to English
 แสดงรายละเอียดบรรณานุกรม
  กลับหน้าหลัก

Brief Record : Get Marc (ISO 2709) : E-mail record : QR code < ปิดหน้าต่าง
LEADER : 00000nam 2200000uu 4500
001    13399128694
003     ULIB
008    240702s2566||||th 000 0 tha d
020    ^a9786164262911
060 04 ^aWB460^bว828ก
100 0  ^aวีระพงษ์ ชิดนอก
245 10 ^aกายภาพบำบัดในผู้ป่วยภาวะวิกฤต =^bPhysical therapy in criticalpatients /^cวีระพงษ์ ชิดนอก และ เอกลักษณ์ กอบสาริกรณ์
246 3  ^aPhysical therapy in critical patients
250    ^aพิมพ์ครั้งที่ 5 (ฉบับปรับปรุง)
260    ^aพิษณุโลก :^bสำนักพิมพ์มหาวิทยาลัยนเรศวร,^c2566
300    ^aviii, 185 หน้า :^bภาพประกอบ ;^c26 ซม.
650  4 ^aกายภาพบำบัด
650  4 ^aภาวะวิกฤติ, การดูแล
700 0  ^aเอกลักษณ์ กอบสาริกรณ์
945    ^p380^l0^i010507
945    ^p380^l0^i010508
945    ^p380^l0^i010509
945    ^p380^l0^i010510
945    ^p380^l0^i010511
945    ^p380^l0^i010512
945    ^p380^l0^i010513
945    ^p380^l0^i010514
945    ^p380^l0^i010515
945    ^p380^l0^i010516
999    ^aประนอม เกษจรัล
รายการนี้ยังไม่มีแท็ก
คุณยังไม่ได้ล็อกอิน คุณสามารถมีกิจกรรมร่วมกับเว็บไซต์ได้ แต่ต้องล็อกอินก่อน ::
  ล็อกอิน

รายการสื่อสารสนเทศ

ลำดับที่ ประเภท เลขเรียก/บาร์โค้ด สถานที่ สถานะ
1. วิทยาศาสตร์การแพทย์ และสุขภาพ
หนังสือสำรอง
สถานะ=หนังสือสำรอง
WB460 ว828ก ฉ.1 
  Barcode: 010507
ห้องสมุดวิทยาเขตสวรรค์ประชารักษ์
►หนังสือทั่วไป
บนชั้น
2. วิทยาศาสตร์การแพทย์ และสุขภาพ
วิทยาศาสตร์การแพทย์ และสุขภาพ
WB460 ว828ก ฉ.10 
  Barcode: 010516
ห้องสมุดวิทยาเขตสวรรค์ประชารักษ์
►หนังสือทั่วไป
บนชั้น
3. วิทยาศาสตร์การแพทย์ และสุขภาพ
วิทยาศาสตร์การแพทย์ และสุขภาพ
WB460 ว828ก ฉ.2 
  Barcode: 010508
ห้องสมุดวิทยาเขตสวรรค์ประชารักษ์
►หนังสือทั่วไป
บนชั้น
4. วิทยาศาสตร์การแพทย์ และสุขภาพ
วิทยาศาสตร์การแพทย์ และสุขภาพ
WB460 ว828ก ฉ.3 
  Barcode: 010509
ห้องสมุดวิทยาเขตสวรรค์ประชารักษ์
►หนังสือทั่วไป
บนชั้น
5. วิทยาศาสตร์การแพทย์ และสุขภาพ
วิทยาศาสตร์การแพทย์ และสุขภาพ
WB460 ว828ก ฉ.4 
  Barcode: 010510
ห้องสมุดวิทยาเขตสวรรค์ประชารักษ์
►หนังสือทั่วไป
บนชั้น
6. วิทยาศาสตร์การแพทย์ และสุขภาพ
วิทยาศาสตร์การแพทย์ และสุขภาพ
WB460 ว828ก ฉ.5 
  Barcode: 010511
ห้องสมุดวิทยาเขตสวรรค์ประชารักษ์
►หนังสือทั่วไป
บนชั้น
7. วิทยาศาสตร์การแพทย์ และสุขภาพ
วิทยาศาสตร์การแพทย์ และสุขภาพ
WB460 ว828ก ฉ.6 
  Barcode: 010512
ห้องสมุดวิทยาเขตสวรรค์ประชารักษ์
►หนังสือทั่วไป
บนชั้น
8. วิทยาศาสตร์การแพทย์ และสุขภาพ
วิทยาศาสตร์การแพทย์ และสุขภาพ
WB460 ว828ก ฉ.7 
  Barcode: 010513
ห้องสมุดวิทยาเขตสวรรค์ประชารักษ์
►หนังสือทั่วไป
บนชั้น
9. วิทยาศาสตร์การแพทย์ และสุขภาพ
วิทยาศาสตร์การแพทย์ และสุขภาพ
WB460 ว828ก ฉ.8 
  Barcode: 010514
ห้องสมุดวิทยาเขตสวรรค์ประชารักษ์
►หนังสือทั่วไป
บนชั้น
10. วิทยาศาสตร์การแพทย์ และสุขภาพ
วิทยาศาสตร์การแพทย์ และสุขภาพ
WB460 ว828ก ฉ.9 
  Barcode: 010515
ห้องสมุดวิทยาเขตสวรรค์ประชารักษ์
►หนังสือทั่วไป
บนชั้น

รายการใกล้เคียง
    ผู้แต่ง [วีระพงษ์ ชิดนอก]

    หัวเรื่อง [กายภาพบำบัด]
    หัวเรื่อง [ภาวะวิกฤติ, การดูแล]

BibComment


ยังไม่เคยถูกคอมเมนท์

คอมเมนท์ทรัพยากรรายการนี้
  คอมเมนท์: กายภาพบำบัดในผู้..


 Copyright 2026. Bcnsprnw @Library